000
00359nam a22001217a 4500
082
_a
330.95491
100
_a
State Bank of Pakistan
245
_a
Banking Statistics of Pakistan 2003-2004
_c
State Bank of Pakistan
260
_a
Karachi
_b
SBP Printing Press
_c
2005
300
_a
507p
942
_2
ddc
_c
BK
999
_c
586074
_d
586074